[Event "13eme open"]
[Site "Louviers"]
[Round "5"]
[Date "2010.05.24"]
[White "Cleaud, Cyril"]
[Black "Bonte, Gerard"]
[Result "1-0"]
[WhiteElo "1744"]
[BlackElo "1630"]
[PlyCount "75"]

1. e4 c5 2. c3 Nc6 3. Nf3 d6 4. d4 cxd4 5. cxd4 Bg4 6. Bb5 a6 7. Bxc6+ bxc6 8.
Nc3 Nf6 9. Qd3 g6 10. O-O Bg7 11. Bf4 Nh5 12. Be3 Bxf3 13. gxf3 O-O 14. Ne2 f5
15. Ng3 fxe4 16. fxe4 Nf6 17. Qc4+ d5 18. Qxc6 dxe4 19. Qe6+ Kh8 20. Rac1 Qd6
21. Rc6 Qxe6 22. Rxe6 Ra7 23. Rc1 Kg8 24. Rcc6 Rfa8 25. Nxe4 Nxe4 26. Rxe4 Kf7
27. d5 Rd7 28. Bc5 Bf6 29. b4 Rd6 30. Re6 Rd7 31. Rxa6 Rxa6 32. Rxa6 Rd8 33. a4
Rxd5 34. Be3 Bd4 35. Bxd4 Rxd4 36. b5 Ke8 37. a5 Kd8 38. b6 1-0

[Event "13eme open"]
[Site "Louviers"]
[Round "5"]
[Date "2010.05.24"]
[White "Boursier, Xavier"]
[Black "Bordelet, Louis"]
[Result "1-0"]
[WhiteElo "2011"]
[BlackElo "1780"]
[PlyCount "57"]

1. e4 e5 2. f4 d5 3. exd5 e4 4. d3 Qxd5 5. Qe2 Nf6 6. Nd2 Bg4 7. Ngf3 e3 8.
Qxe3+ Be7 9. Be2 O-O 10. Qxe7 Re8 11. Qb4 Nc6 12. Qc4 Qd8 13. Ne4 Nd5 14. O-O
Nb6 15. Qc5 f6 16. h3 Be6 17. Bd2 Nd7 18. Qf2 b6 19. Nd4 Nxd4 20. Qxd4 c5 21.
Qf2 Qc7 22. Bf3 Rad8 23. Nc3 a6 24. Rae1 Kh8 25. Bd5 Qd6 26. Bxe6 Rxe6 27. Rxe6
Qxe6 28. Re1 Qf7 29. Qe3 1-0

[Event "13eme open"]
[Site "Louviers"]
[Round "5"]
[Date "2010.05.24"]
[White "Victor, Daniel"]
[Black "Arinal, Serge"]
[Result "1-0"]
[WhiteElo "1880"]
[BlackElo "1670"]
[PlyCount "69"]

1. d4 Nf6 2. Nf3 e6 3. c4 d5 4. g3 c5 5. a3 cxd4 6. cxd5 Nxd5 7. Nxd4 Nd7 8.
Bg2 N7b6 9. O-O Be7 10. e4 Nf6 11. Nc3 O-O 12. Bf4 a6 13. Nde2 Nc4 14. Qb3 Na5
15. Qc2 Qb6 16. b4 Nc6 17. Be3 Qc7 18. Na4 Nd7 19. Rac1 Qe5 20. f4 Qb8 21. Rfd1
Na7 22. Nb6 Nxb6 23. Bxb6 Nb5 24. Qb3 e5 25. f5 Bg5 26. Rc2 Nd4 27. Nxd4 Qd6
28. Bc5 Qd8 29. Qd3 exd4 30. Bxd4 Qd7 31. Bc5 Qa4 32. Bxf8 Kxf8 33. Rc7 Be3+
34. Kh1 Bb6 35. Qd6+ 1-0

[Event "13eme open"]
[Site "Louviers"]
[Round "5"]
[Date "2010.05.24"]
[White "Berrou, Andre"]
[Black "Broustet, Pierre"]
[Result "0-1"]
[WhiteElo "1820"]
[BlackElo "1840"]
[PlyCount "108"]

1. e4 c6 2. d4 d5 3. Nc3 dxe4 4. Nxe4 Bf5 5. Ng3 Bg6 6. h4 h6 7. Nf3 e6 8. Bd3
Bxd3 9. Qxd3 Nd7 10. Bf4 Ngf6 11. O-O-O Qa5 12. Kb1 O-O-O 13. Ne4 Nxe4 14. Qxe4
Nf6 15. Qe5 Qxe5 16. dxe5 Nd5 17. Bg3 Bc5 18. Nd2 Bb6 19. Ne4 Bc7 20. c4 Ne7
21. c5 Rd5 22. Rxd5 exd5 23. Nd6+ Bxd6 24. exd6 Nf5 25. Re1 Kd7 26. h5 Re8 27.
Rxe8 Kxe8 28. Bh2 Nd4 29. b4 Kd7 30. Be5 Ne6 31. a4 f6 32. Bb2 b6 33. Ba3 bxc5
34. bxc5 Nf4 35. g4 Nd3 36. f3 Ne5 37. f4 Nxg4 38. Kc2 Ne3+ 39. Kd3 Nf5 40. Kc3
Ng3 41. Kb4 Nxh5 42. Bc1 Ng3 43. Be3 g5 44. fxg5 hxg5 45. Ka5 Ne4 46. Bd4 f5
47. Ka6 f4 48. Kxa7 g4 49. a5 g3 50. a6 f3 51. Kb8 f2 52. Bxf2 gxf2 53. a7 f1=Q
54. a8=Q Qb1+ 0-1

[Event "13eme open"]
[Site "Louviers"]
[Round "5"]
[Date "2010.05.24"]
[White "Dunand, Damien"]
[Black "Veniat, Nicolas"]
[Result "0-1"]
[WhiteElo "1650"]
[BlackElo "159"]
[PlyCount "124"]

1. c4 e5 2. Nc3 Nc6 3. g3 g6 4. Bg2 Bg7 5. e3 d6 6. d4 exd4 7. Bxc6+ bxc6 8.
exd4 Qe7+ 9. Be3 Nf6 10. Qe2 Ng4 11. h3 Nxe3 12. Qxe3 Qxe3+ 13. fxe3 Bh6 14.
Kd2 Rb8 15. b3 O-O 16. g4 Re8 17. Re1 Bb7 18. Nf3 Re7 19. g5 Bg7 20. Rh2 Rbe8
21. Rhe2 Bc8 22. Rh1 c5 23. Nd5 Re4 24. Nxc7 R8e7 25. Nd5 Re8 26. dxc5 dxc5 27.
a3 Bb7 28. Kd3 R4e6 29. e4 Rb8 30. Rb1 Rd8 31. b4 Ra6 32. Rb3 cxb4 33. axb4 Ra1
34. Re1 Ra2 35. Re2 Ra1 36. Re1 {(=)} Ra4 37. Rd1 Bf8 38. Kc3 Bg7+ 39. Kd3 Ra2
40. Rd2 Ra1 41. Ke2 Re8 42. Re3 h6 43. gxh6 Bxd5 44. exd5 Rxe3+ 45. Kxe3 Bxh6+
46. Kd4 Bxd2 47. Nxd2 Rh1 48. c5 Rxh3 49. Kc4 Rh4+ 50. Kb5 Rd4 51. d6 Rxd2 52.
Kc6 Kf8 53. Kc7 Ke8 54. c6 g5 55. d7+ Ke7 56. Kc8 g4 57. Kb7 Rxd7+ 58. cxd7
Kxd7 59. b5 g3 60. Kxa7 g2 61. b6 g1=Q 62. Kb7 f5 0-1

[Event "13eme open"]
[Site "Louviers"]
[Round "5"]
[Date "2010.05.24"]
[White "Varigault, Nicole"]
[Black "De Saint Jores, Clement"]
[Result "1/2"]
[WhiteElo "1190"]
[BlackElo "1160"]
[PlyCount "122"]

1. e4 e5 2. Nf3 Nc6 3. Bc4 Nf6 4. d3 Bc5 5. O-O O-O 6. Bg5 Nd4 7. c3 Nxf3+ 8.
Qxf3 Qe7 9. b4 Bd6 10. Nd2 h6 11. Bh4 g5 12. Bg3 b6 13. Nb3 Bb7 14. Nd2 Kg7 15.
h3 c5 16. b5 a6 17. a4 axb5 18. axb5 Rxa1 19. Rxa1 Ra8 20. Qd1 Qd8 21. Bb3 Be7
22. Bxe5 d6 23. Bh2 Rxa1 24. Qxa1 Qd7 25. c4 Qe6 26. Nf3 Qc8 27. Bg3 Qa8 28.
Qb2 Kg6 29. Nh2 h5 30. h4 g4 31. f3 gxf3 32. gxf3 Bc8 33. Kg2 Nh7 34. f4 Bf6
35. f5+ Kg7 36. Qd2 Qb7 37. Bxd6 Bxh4 38. Be5+ f6 39. Bg3 Bg5 40. Qf2 Qd7 41.
Bc2 h4 42. Bf4 Qd4 43. Bxg5 Qxf2+ 44. Kxf2 Nxg5 45. Kg2 Kh6 46. Bd1 Bd7 47.
Ng4+ Kg7 48. Ne3 Kh6 49. Nd5 Nf7 50. Nxb6 Be8 51. Nd5 Kg5 52. b6 Bc6 53. Bf3
Ne5 54. Ne7 Bb7 55. Be2 Ba8 56. Nd5 Bc6 57. Nc3 Nd7 58. Nd5 Ne5 59. Ne7 Bb7 60.
Kh3 Ba8 61. Ng8 Nd7 1/2-1/2

[Event "13eme open"]
[Site "Louviers"]
[Round "5"]
[Date "2010.05.24"]
[White "Ribeiro, Joao"]
[Black "Pigache, Emmanuel"]
[Result "0-1"]
[WhiteElo "1390"]
[BlackElo "1300"]
[PlyCount "102"]

1. b3 d5 2. Bb2 Nc6 3. Nf3 Bf5 4. Nd4 Nxd4 5. Bxd4 e6 6. Bb2 Bd6 7. Bxg7 Qd7 8.
Bxh8 O-O-O 9. Bd4 c5 10. Bb2 d4 11. e3 e5 12. Be2 Nf6 13. h3 Qc6 14. Bf3 e4 15.
Bg4 Qd5 16. Bxf5+ Qxf5 17. g4 Qd5 18. Rg1 Nd7 19. Na3 Ne5 20. exd4 Nf3+ 21. Ke2
cxd4 22. d3 exd3+ 23. Qxd3 Re8+ 24. Kd1 Kb8 25. Nb5 Bc5 26. Nxd4 Nxg1 27. c4
Qg5 28. Qg3+ Ka8 29. Qxg1 Rd8 30. f3 Bb4 31. Qf2 Bc5 32. Kc2 Qf4 33. Rd1 Re8
34. Qd2 Qg3 35. Nf5 Qc7 36. Qd7 Qb8 37. Nd6 Re2+ 38. Kc3 Re3+ 39. Kc2 Re2+ 40.
Kb1 Bb6 41. Nxf7 a6 42. Ng5 Qh2 43. Qg7 Re8 44. Qc3 Qe2 45. f4 Qxd1+ 46. Qc1
Qe2 47. f5 Be3 48. Qc2 Qe1+ 49. Bc1 Bxg5 50. Kb2 Bf6+ 51. Ka3 Qa5# 0-1

[Event "13eme open"]
[Site "Louviers"]
[Round "5"]
[Date "2010.05.24"]
[White "Langlet, Stephanie"]
[Black "Vappereau, Xavier"]
[Result "1-0"]
[WhiteElo "1490"]
[BlackElo "1810"]
[PlyCount "107"]

1. e4 e5 2. Nf3 Nc6 3. d4 exd4 4. Nxd4 Nge7 5. Nc3 Nxd4 6. Qxd4 Nc6 7. Qd1 Bc5
8. Be2 O-O 9. O-O b6 10. Bf3 Nd4 11. Be3 Nxf3+ 12. Qxf3 Bxe3 13. Qxe3 Re8 14.
Rfe1 Bb7 15. Qd3 Qe7 16. Rad1 d5 17. Nxd5 Bxd5 18. Qxd5 Rad8 19. Qc6 g6 20. f3
Rxd1 21. Rxd1 Rd8 22. Rxd8+ Qxd8 23. Qd5 Qh4 24. Qd2 Qf6 25. c3 c5 26. a3 Qc6
27. b4 cxb4 28. cxb4 Qc4 29. a4 Qb3 30. a5 bxa5 31. bxa5 a6 32. h3 Qb5 33. Qd5
Qe2 34. Kh2 Qe3 35. Qe5 Qa3 36. f4 h5 37. Qd5 Qe3 38. f5 Qf4+ 39. Kg1 gxf5 40.
Qxf5 Qxf5 41. exf5 Kg7 42. Kf2 Kf6 43. g4 hxg4 44. hxg4 Ke5 45. Ke3 f6 46. Kf3
Kd6 47. Kf4 Kc5 48. g5 fxg5+ 49. Kxg5 Kb5 50. f6 Kxa5 51. f7 Kb5 52. f8=Q a5
53. Qa3 a4 54. Kf5 1-0

[Event "13eme open"]
[Site "Louviers"]
[Round "5"]
[Date "2010.05.24"]
[White "Soriano, Manon"]
[Black "Grenet, Dominique"]
[Result "0-1"]
[WhiteElo "1490"]
[BlackElo "1490"]
[PlyCount "84"]

1. e4 e5 2. Nf3 d6 3. d4 exd4 4. Nxd4 Bd7 5. Bc4 Nf6 6. Nc3 Nc6 7. O-O Be7 8.
Re1 Ne5 9. Bd3 O-O 10. b3 a6 11. Bb2 c5 12. Nde2 Bg4 13. Qd2 b5 14. Ng3 Re8 15.
Nd5 Nxd5 16. exd5 Bf6 17. Bxe5 Bxe5 18. Rab1 Qf6 19. Ne4 Qf4 20. Qxf4 Bxf4 21.
g3 Be5 22. Kg2 h6 23. f4 Bd4 24. c4 b4 25. Nxd6 Red8 26. Nf5 Bxf5 27. Bxf5 Kf8
28. Kf3 a5 29. Re2 Rd6 30. Re4 Bc3 31. Rc1 g6 32. Bh3 f5 33. Re6 Rxe6 34. dxe6
Ke7 35. g4 Kxe6 36. Rc2 Rd8 37. gxf5+ gxf5 38. Re2+ Kf6 39. Kg3 Rd3+ 40. Kh4
Rd4 41. Kg3 Bd2 42. Re5 Bxf4+ 0-1

[Event "13eme open"]
[Site "Louviers"]
[Round "5"]
[Date "2010.05.24"]
[White "Van Hyfte, Raphael"]
[Black "Vigneron, Frederic"]
[Result "0-1"]
[WhiteElo "1730"]
[BlackElo "1928"]
[PlyCount "90"]

1. d4 Nf6 2. Nf3 d6 3. c4 g6 4. Nc3 Bg7 5. e4 O-O 6. Be2 e5 7. dxe5 dxe5 8. Bg5
c6 9. Qc2 Qc7 10. O-O a5 11. Rad1 Na6 12. a3 Nc5 13. Rd2 Ne6 14. Bh4 Nh5 15.
Rfd1 Nhf4 16. Bf1 Nd4 17. Nxd4 exd4 18. Na4 c5 19. b3 Bg4 20. Re1 Rfe8 21. f3
Bd7 22. Nb2 Be5 23. g3 Nh3+ 24. Bxh3 Bxh3 25. f4 d3 26. Nxd3 Bd4+ 27. Nf2 Bd7
28. Qd1 Bc6 29. Rxd4 cxd4 30. Qxd4 f5 31. Bf6 Qf7 32. Be5 Rad8 33. Qc3 fxe4 34.
Nxe4 Bxe4 35. Rxe4 Rd1+ 36. Re1 {(=)} Red8 37. Qxa5 b6 38. Qb4 Qd7 39. Kf2 Qh3
40. Rxd1 Rxd1 41. Qe7 Qxh2+ 42. Ke3 Qd2+ 43. Kf3 Qd3+ 44. Kg4 Qe2+ 45. Kg5 Qh5+
0-1

[Event "13eme open"]
[Site "Louviers"]
[Round "5"]
[Date "2010.05.24"]
[White "Duverne, Jean-Marie"]
[Black "Roussel, Julien"]
[Result "0-1"]
[WhiteElo "2153"]
[BlackElo "1842"]
[PlyCount "100"]

1. e4 Nf6 2. Nc3 d5 3. e5 Nfd7 4. d4 e6 5. f4 c5 6. Nf3 Nc6 7. Be3 Qb6 8. Qd2
a6 9. O-O-O c4 10. f5 Bb4 11. fxe6 fxe6 12. Ng5 Nf8 13. Qf2 Qc7 14. Be2 h6 15.
Nh3 b5 16. Nf4 g6 17. Rhf1 Ne7 18. h4 Qa5 19. Nb1 c3 20. Nd3 Nf5 21. Nxb4 cxb2+
22. Kxb2 Qxb4+ 23. Ka1 Ra7 24. Bc1 Qe7 25. h5 g5 26. g4 Ng7 27. Qe1 b4 28. Bd3
a5 29. Bg6+ Nxg6 30. hxg6 Qd8 31. Rf6 Ba6 32. Qh1 Bc4 33. Nd2 Be2 34. Rg1 Qc8
35. Rf7 Rxf7 36. gxf7+ Kxf7 37. Qg2 Qc3+ 38. Kb1 Bb5 39. Qf2+ Kg8 40. Rg3 Qc7
41. Rf3 Be8 42. Nb3 Bg6 43. Rf6 Kh7 44. Nc5 a4 45. Qh2 b3 46. axb3 axb3 47.
Nxb3 Rb8 48. Kb2 Qc4 49. Qf2 Rc8 50. Qh2 Qc3+ 0-1

[Event "13eme open"]
[Site "Louviers"]
[Round "5"]
[Date "2010.05.24"]
[White "Josse, Sebastien"]
[Black "Tirard, Hugo"]
[Result "0-1"]
[WhiteElo "1793"]
[BlackElo "2447"]
[PlyCount "42"]

1. f4 d6 2. Nf3 Nf6 3. g3 Bg4 4. Bg2 c6 5. d3 e5 6. fxe5 dxe5 7. Nxe5 Qa5+ 8.
Nc3 Qxe5 9. Bf4 Qa5 10. h3 Be6 11. a3 Nd5 12. Bxd5 cxd5 13. Bd2 d4 14. Ne4 Qd5
15. c4 Qd7 16. e3 Nc6 17. Ng5 Bd6 18. Qf3 Ne5 19. Qe4 Bf5 20. Qxd4 h6 21. c5
Nxd3+ 0-1

[Event "13eme open"]
[Site "Louviers"]
[Round "5"]
[Date "2010.05.24"]
[White "Diologent, Matthieu"]
[Black "Plessis, Arnaud"]
[Result "1-0"]
[WhiteElo "1944"]
[BlackElo "1777"]
[PlyCount "97"]

1. e4 e5 2. Nf3 Nc6 3. Bc4 Nd4 4. Nxd4 exd4 5. O-O d6 6. c3 dxc3 7. Qb3 Qe7 8.
d4 Nf6 9. Nxc3 c6 10. Bg5 h6 11. e5 hxg5 12. Rfe1 Kd8 13. exf6 Qxf6 14. Bxf7 d5
15. Re8+ Kd7 16. Nxd5 Qxf7 17. Rxc8 Rxc8 18. Nb6+ Ke8 19. Re1+ Be7 20. Nxc8
Qxb3 21. Rxe7+ Kd8 22. axb3 Kxc8 23. Rxg7 Rd8 24. Rxg5 Rxd4 25. g4 Rb4 26. h4
Rxb3 27. h5 Rh3 28. Kg2 Rh4 29. f4 a6 30. f5 Kd8 31. Rg7 b5 32. Rg6 Kd7 33. h6
a5 34. Rg7+ Kd6 35. h7 Ke5 36. Kg3 Rh1 37. Rc7 a4 38. Rxc6 Rxh7 39. Rc5+ Kf6
40. Rxb5 Rh1 41. Rb6+ Kg7 42. Rb4 Rb1 43. Rxa4 Rxb2 44. g5 Rb7 45. Kg4 Kg8 46.
g6 Kg7 47. Kg5 Rb5 48. Ra7+ Kg8 49. Kh6 1-0

[Event "13eme open"]
[Site "Louviers"]
[Round "5"]
[Date "2010.05.24"]
[White "Rousselin, Marc"]
[Black "Saint-Gilles, Damien"]
[Result "0-1"]
[WhiteElo "1612"]
[BlackElo "1678"]
[PlyCount "102"]

1. e4 d5 2. exd5 Qxd5 3. Nc3 Qd6 4. d4 c6 5. Be3 Nf6 6. h3 Bf5 7. Bd3 Bxd3 8.
Qxd3 Nbd7 9. Nf3 e6 10. g4 Nb6 11. Ne5 Nfd5 12. Nxd5 Qxd5 13. Qf1 Be7 14. Rg1
h6 15. Qd3 Rd8 16. Qb3 Bf6 17. O-O-O Qxb3 18. axb3 Nd5 19. Bd2 Bg5 20. Bxg5
hxg5 21. Rh1 Nf4 22. Nd3 Rxd4 23. Nxf4 Rxd1+ 24. Kxd1 gxf4 25. Ke2 Ke7 26. h4
f6 27. Kf3 e5 28. Ke4 Rd8 29. Kf5 Kf7 30. h5 Rg8 (30... Rd2 31. h6 g6+ 32. Ke4
Kg8 33. h7+ Kh8 34. Rh6 Rxf2 35. Rxg6 Rxc2 36. Rxf6 Re2+) 31. Rd1 Re8 32. Rd7+
Re7 33. Rd8 b6 34. f3 Rc7 35. Rd6 c5 36. c4 Re7 37. Rd8 Rb7 38. Rd6 Rc7 39. Rd8
Re7 40. Rd6 Kg8 41. Kg6 Re8 42. Rd7 e4 43. fxe4 f3 44. Rxg7+ Kh8 45. Rh7+ Kg8
46. Rf7 Rxe4 47. Rd7 Rxg4+ 48. Kxf6 Rf4+ (48... f2 49. Kf5 Rg1) 49. Kg6 f2 50.
h6 f1=Q 51. h7+ Kh8 0-1

[Event "13eme open"]
[Site "Louviers"]
[Round "5"]
[Date "2010.05.24"]
[White "Aknouche, Abdesslem"]
[Black "Frey, Alain"]
[Result "1/2"]
[WhiteElo "1800"]
[BlackElo "1720"]
[PlyCount "33"]

1. d4 Nf6 2. Nf3 g6 3. e3 Bg7 4. Bd3 d6 5. c3 c6 6. Nbd2 Qc7 7. O-O O-O 8. Re1
Re8 9. e4 e5 10. b4 Bg4 11. Bb2 Nbd7 12. Rc1 d5 13. c4 dxe4 14. Nxe4 Nxe4 15.
Rxe4 f5 16. Rxg4 fxg4 17. Nh4 1/2-1/2

[Event "13eme open"]
[Site "Louviers"]
[Round "5"]
[Date "2010.05.24"]
[White "Voegele, Francois-Marie"]
[Black "Naji, Nil"]
[Result "0-1"]
[WhiteElo "1070"]
[BlackElo "1099"]
[PlyCount "90"]

1. e4 e5 2. Nc3 Nf6 3. d3 Bc5 4. Be3 Bxe3 5. fxe3 d6 6. Nf3 Nc6 7. Be2 O-O 8.
O-O Ng4 9. Qd2 Be6 10. h3 Nf6 11. d4 a6 12. dxe5 dxe5 13. Qc1 b5 14. Ng5 Re8
15. Nxe6 Rxe6 16. Bf3 h6 17. Nd1 Rd6 18. Nf2 Nb4 19. a3 Nc6 20. Ng4 b4 21.
Nxf6+ Rxf6 22. axb4 Nxb4 23. c3 Nc6 24. b4 Ne7 25. Qb1 Qb8 26. Ra4 c6 27. Qa1
Qb6 28. Qe1 c5 29. bxc5 Qxc5 30. Bg4 Rxf1+ 31. Kxf1 Qb5+ 32. Qe2 Qxa4 33. Qd3
Qa1+ 34. Kf2 a5 35. c4 a4 36. Qd7 Qb2+ 37. Kg3 Kf8 38. Bf3 a3 39. c5 a2 40. Kh2
Qb8 41. g4 Qc8 42. Qd6 a1=Q 43. h4 Ra2+ 44. Kg3 Qg1+ 45. Bg2 Qxg2# 0-1

[Event "13eme open"]
[Site "Louviers"]
[Round "6"]
[Date "2010.05.24"]
[White "Vigneron, Frederic"]
[Black "Saint-Gilles, Damien"]
[Result "1-0"]
[WhiteElo "1928"]
[BlackElo "1678"]
[PlyCount "112"]

1. d4 Nf6 2. c4 e6 3. Nf3 b6 4. g3 Bb7 5. Bg2 d5 6. Ne5 Bb4+ 7. Bd2 Bxd2+ 8.
Qxd2 Nbd7 9. Nxd7 Qxd7 10. Nc3 c6 11. cxd5 cxd5 12. O-O O-O 13. Rac1 Rac8 14.
Qd3 Rc6 15. e4 Rfc8 16. Rcd1 Rc4 17. e5 Ne8 18. Qe3 Ba6 19. Rfe1 b5 20. a3 Qb7
21. Bf1 R4c6 22. Na2 Qb6 23. Nb4 R6c7 24. Nxa6 Qxa6 25. Qb3 Rb8 26. Rc1 Qb6 27.
Qe3 Rbc8 {(=)} 28. Rxc7 Rxc7 29. Rc1 a6 30. Rc5 Rxc5 31. dxc5 Qc6 32. b4 Qd7
33. Qd4 Qc6 34. Bd3 Nc7 35. h4 Ne8 36. h5 f6 37. exf6 Nxf6 38. h6 Qc7 39. hxg7
Qxg7 40. Qe5 Kf7 41. c6 Ne8 42. Qh5+ Ke7 43. Qh4+ Qf6 44. Qxh7+ Qg7 45. Qh4+
Qf6 {(=)} 46. Qh7+ Qf7 47. Qh6 Kd6 48. Qc1 Qc7 49. Qc5+ Ke5 50. f4+ Kf6 51.
Qf8+ Qf7 52. Qh8+ Qg7 53. Qh4+ Kf7 54. f5 e5 55. Be2 Qf6 56. Bh5+ Ke7 1-0

[Event "13eme open"]
[Site "Louviers"]
[Round "6"]
[Date "2010.05.24"]
[White "Varigault, Nicole"]
[Black "Soriano, Manon"]
[Result "0-1"]
[WhiteElo "1190"]
[BlackElo "1490"]
[PlyCount "72"]

1. e4 c5 2. Bc4 Nc6 3. Nf3 d6 4. d3 g6 5. O-O Bg7 6. Nc3 Nf6 7. h3 O-O 8. Bf4
Rb8 9. b3 a6 10. Rb1 e6 11. Bg5 b5 12. Bxe6 fxe6 13. Ne2 Qb6 14. Nh2 Bb7 15.
Nf4 Rbe8 16. Ng4 Nxg4 17. Qxg4 Bc8 18. h4 e5 19. Qg3 exf4 20. Bxf4 Be5 21. Bxe5
Nxe5 22. f4 Ng4 23. Rf3 Rf6 24. Kh1 Ref8 25. Rbf1 Kh8 26. c4 Bd7 27. a3 bxc4
28. bxc4 Qc7 29. a4 a5 30. h5 Rg8 31. Qh4 gxh5 32. Qxh5 Rh6 33. Qxh6 Nxh6 34.
Kg1 Qd8 35. f5 Qg5 36. f6 Qxg2# 0-1

[Event "13eme open"]
[Site "Louviers"]
[Round "6"]
[Date "2010.05.24"]
[White "Grenet, Dominique"]
[Black "Duverne, Jean-Marie"]
[Result "0-1"]
[WhiteElo "1490"]
[BlackElo "2153"]
[PlyCount "42"]

1. e4 c5 2. Nf3 Nc6 3. c3 d5 4. e5 Bg4 5. d4 cxd4 6. cxd4 Qb6 7. Qa4 Bxf3 8.
gxf3 Qxd4 9. Bb5 Qxa4 10. Bxa4 e6 11. f4 Bb4+ 12. Bd2 Bxd2+ 13. Nxd2 Nge7 14.
Nf3 Nf5 15. O-O Ke7 16. Rad1 Rac8 17. a3 Na5 18. Nd4 Nxd4 19. Rxd4 Rc7 20. b4
Nc4 21. Rd3 Nb2 0-1

[Event "13eme open"]
[Site "Louviers"]
[Round "6"]
[Date "2010.05.24"]
[White "Naji, Nil"]
[Black "Langlet, Stephanie"]
[Result "0-1"]
[WhiteElo "1099"]
[BlackElo "1490"]
[PlyCount "40"]

1. e4 e5 2. Nf3 Nc6 3. Bc4 Bc5 4. O-O Nf6 5. Re1 O-O 6. c3 Bb6 7. d4 d6 8. Bg5
Qe7 9. Bxf6 Qxf6 10. dxe5 dxe5 11. Bb5 Ne7 12. b4 Bg4 13. Nbd2 Rad8 14. Qe2 Ng6
15. g3 c5 16. bxc5 Bxc5 17. Qf1 Bxf3 18. Nxf3 Qxf3 19. c4 Rd6 20. a4 a6 0-1

[Event "13eme open"]
[Site "Louviers"]
[Round "6"]
[Date "2010.05.24"]
[White "De Saint Jores, Clement"]
[Black "Berrou, Andre"]
[Result "0-1"]
[WhiteElo "1160"]
[BlackElo "1820"]
[PlyCount "52"]

1. e4 c5 2. Nf3 Nc6 3. Bb5 Qb6 4. Nc3 e6 5. O-O a6 6. Bxc6 Qxc6 7. Ne5 Qc7 8.
Nc4 b5 9. Ne3 Bd6 10. d3 Bxh2+ 11. Kh1 Bd6 12. g3 Bb7 13. Ng4 f5 14. Ne3 Nf6
15. f4 fxe4 16. Nxe4 O-O-O 17. Kg1 Nxe4 18. dxe4 Bxe4 19. Re1 Bb7 20. Ng4 h5
21. Nf2 h4 22. gxh4 Rxh4 23. Qd2 Bxf4 24. Qd1 Bxc1 25. Rxc1 Qg3+ 26. Kf1 Bg2+
0-1

[Event "13eme open"]
[Site "Louviers"]
[Round "6"]
[Date "2010.05.24"]
[White "Frey, Alain"]
[Black "Bordelet, Louis"]
[Result "0-1"]
[WhiteElo "1720"]
[BlackElo "180"]
[PlyCount "82"]

1. e4 e5 2. Nf3 Nc6 3. Bc4 Nf6 4. Nc3 Bc5 5. O-O d6 6. h3 a6 7. d3 b5 8. Bd5
Nxd5 9. Nxd5 Ne7 10. Bg5 f6 11. Nxe7 fxg5 12. Nxc8 Rxc8 13. d4 exd4 14. Nxd4
Qf6 15. Qg4 O-O 16. Ne6 h5 17. Qf5 Qxf5 18. exf5 Rxf5 19. Nxc5 Rxc5 20. c3 Re8
21. Rfe1 Rce5 22. Kf1 Kf7 23. Rxe5 Rxe5 24. Re1 Kf6 25. Rxe5 Kxe5 26. Ke2 c5
27. Ke3 d5 28. g3 g4 29. hxg4 hxg4 30. b3 a5 31. a3 g6 32. Kd3 c4+ 33. bxc4
dxc4+ 34. Ke3 g5 35. f3 gxf3 36. Kxf3 Kd5 37. Ke3 Kc5 38. Kd2 g4 39. Kc2 Kd5
40. Kd2 Ke4 41. Ke2 a4 0-1

[Event "13eme open"]
[Site "Louviers"]
[Round "6"]
[Date "2010.05.24"]
[White "Veniat, Nicolas"]
[Black "Aknouche, Abdesslem"]
[Result "0-1"]
[WhiteElo "1859"]
[BlackElo "1800"]
[PlyCount "128"]

1. f4 e6 2. Nf3 d5 3. b3 Nf6 4. Bb2 Bd6 5. e3 c5 6. c4 d4 7. exd4 cxd4 8. Bxd4
Bxf4 9. Be2 e5 10. Bb2 e4 11. Ne5 Qe7 12. d4 Nc6 13. Nxc6 bxc6 14. Nc3 O-O 15.
g3 Be3 16. Bc1 Qb4 17. Qc2 Bxd4 18. Bd2 e3 19. Rc1 exd2+ 20. Qxd2 Bxc3 21. Qxc3
Qxc3+ 22. Rxc3 Re8 23. Kf1 Bh3+ 24. Ke1 Bg4 25. Rc2 Rad8 26. Kf2 Rxe2+ 27. Rxe2
Bxe2 28. Kxe2 Ne4 29. Ke3 Nf6 30. h3 g6 31. Rf1 Kg7 32. Rf2 Re8+ 33. Kd4 c5+
34. Kd3 h5 35. a3 a5 36. Rb2 Rd8+ 37. Ke3 Rd4 38. Rc2 Re4+ 39. Kd3 Rd4+ 40. Ke3
Rd7 41. Rb2 Rb7 42. Kf4 Rd7 43. Ke3 Ne8 44. Ke4 f6 45. Ke3 Kf7 46. Rb1 Nc7 47.
b4 axb4 48. axb4 cxb4 49. Rxb4 Ke6 50. Rb1 Na6 51. Ke4 Nc5+ 52. Kf3 Rd3+ 53.
Kg2 Rc3 54. Rb6+ Kf5 55. Rb4 Rc2+ 56. Kf1 Ke4 57. Rb6 f5 58. Rxg6 Kf3 59. Ke1
Ne4 60. Kd1 Rxc4 61. g4 fxg4 62. hxg4 hxg4 63. Rg8 Ke3 64. Re8 g3 0-1

[Event "13eme open"]
[Site "Louviers"]
[Round "6"]
[Date "2010.05.24"]
[White "Bonte, Gerard"]
[Black "Ribeiro, Joao"]
[Result "1-0"]
[WhiteElo "1630"]
[BlackElo "1390"]
[PlyCount "103"]

1. c4 g6 2. d4 Bg7 3. e4 c5 4. Nf3 Nc6 5. d5 Nd4 6. Nxd4 Bxd4 7. Be2 Qb6 8. Nc3
Qf6 9. O-O Bxc3 10. bxc3 Qxc3 11. Bd2 Qe5 12. Qc2 f6 13. Be3 b6 14. f4 Qc7 15.
Qc3 Nh6 16. f5 Nf7 17. Bf4 d6 18. g4 Rg8 19. Kh1 g5 20. Bg3 h6 21. Bf2 Ne5 22.
Qh3 Qd8 23. Qxh6 Kd7 24. Qh3 Rh8 25. Qa3 Bb7 26. Bg3 Kc7 27. Kg2 Qf8 28. Rf2
Qh6 29. Bxe5 dxe5 30. Kg1 Kd6 31. Rb1 Rhb8 32. Rb3 Qg7 33. Rh3 Bc8 34. Rff3 Bd7
35. Qb3 Qf7 36. Rh5 Rh8 37. Rfh3 Rxh5 38. Rxh5 Rg8 39. Qa3 Qf8 40. Bd1 Qb8 41.
Qh3 Re8 42. Rh7 Qd8 43. Rh6 Bc8 44. Qa3 Qc7 45. Ba4 Bd7 46. Qb3 Bxa4 47. Qxa4
Qd7 48. Qb3 Qc8 49. Kg2 Rh8 50. Rxh8 Qxh8 51. Qa4 Qb8 52. Qc6# 1-0

[Event "13eme open"]
[Site "Louviers"]
[Round "6"]
[Date "2010.05.24"]
[White "Roussel, Julien"]
[Black "Josse, Sebastien"]
[Result "0-1"]
[WhiteElo "1842"]
[BlackElo "1793"]
[PlyCount "59"]

1. d4 e6 2. c4 c5 3. d5 exd5 4. cxd5 d6 5. Nc3 g6 6. e4 Bg7 7. Nf3 Bg4 8. Be2
a6 9. a4 b6 10. Bf4 Qe7 11. Nd2 Bxe2 12. Qxe2 Bh6 13. Bxh6 Nxh6 14. g4 f6 15.
h4 Nf7 16. h5 Nd7 17. hxg6 hxg6 18. O-O-O Kd8 19. Rxh8+ Nxh8 20. Rh1 Kc7 21.
Rxh8 Rxh8 22. Qxa6 Qf8 23. Nb5+ Kd8 24. Nc4 Rh1+ 25. Kc2 Qh6 26. Ncxd6 Qc1+ 27.
Kb3 c4+ 28. Ka3 Qa1+ 29. Kb4 Qxb2+ 30. Kxc4 0-1

[Event "13eme open"]
[Site "Louviers"]
[Round "6"]
[Date "2010.05.24"]
[White "Broustet, Pierre"]
[Black "Van Hyfte, Raphael"]
[Result "0-1"]
[WhiteElo "1840"]
[BlackElo "1730"]
[PlyCount "104"]

1. e4 e5 2. Nf3 d5 3. Nxe5 dxe4 4. d4 exd3 5. Bxd3 Nd7 6. Qe2 Be7 7. O-O Ngf6
8. Nc3 O-O 9. Bf4 Re8 10. Nxf7 Kxf7 11. Bc4+ Kf8 12. Qe6 Ne5 13. Qxe5 Bd6 14.
Qg5 Be6 15. Bxe6 Rxe6 16. Rfe1 Qe7 17. Bxd6 Qxd6 18. Rxe6 Qxe6 19. Qc5+ Kg8 20.
Qxc7 Re8 21. h3 Re7 22. Qd8+ Kf7 23. Qd2 Rd7 24. Qe1 Qb6 25. Rb1 a6 26. b4 Qc6
27. b5 axb5 28. Rxb5 Rc7 29. Rb3 Re7 30. Qb1 Nh5 31. Kf1 Nf4 32. f3 Qc4+ 33.
Kg1 Qd4+ 34. Kh2 Qd2 35. Qf1 Kf8 36. Ne4 Qxc2 37. Rc3 Qxa2 38. Rc8+ Kf7 39.
Nd6+ Kg6 40. Rc4 Re1 41. Rxf4 Rxf1 42. Rg4+ Kf6 43. Ne4+ Ke5 44. Rg5+ Kd4 45.
Rg3 Qa1 46. Rxg7 Qb2 47. Ng5 h5 48. Re7 Kc5 49. Ne4+ Kb6 50. Re6+ Ka7 51. Rf6
h4 52. Rf5 Qa1 0-1

[Event "13eme open"]
[Site "Louviers"]
[Round "6"]
[Date "2010.05.24"]
[White "Arinal, Serge"]
[Black "Rousselin, Marc"]
[Result "0-1"]
[WhiteElo "1670"]
[BlackElo "1612"]
[PlyCount "74"]

1. Nf3 Nf6 2. c4 c6 3. g3 d5 4. cxd5 cxd5 5. Bg2 Nc6 6. Nc3 e5 7. O-O Be7 8. e3
O-O 9. d3 Rb8 10. a3 b5 11. b4 a6 12. Bb2 Re8 13. Qc2 Bb7 14. Rad1 Bf8 15. Rfe1
Rc8 16. Qb1 g6 17. Qa2 Bg7 18. Nd2 d4 19. exd4 exd4 20. Nce4 Nxe4 21. Nxe4 Rc7
22. Bc1 Ne5 23. Bf4 Bxe4 24. Rxe4 Rc3 25. Bxe5 Rxe5 26. a4 bxa4 27. Qxa4 Qc8
28. Rxd4 Re2 29. Re4 Rcc2 30. Rxe2 Rxe2 31. Qc6 Qxc6 32. Bxc6 Bd4 33. Rf1 Rb2
34. Bd5 Rxb4 35. Kg2 Rb2 36. Bc4 a5 37. Kf3 a4 0-1